000 002990000a22000970004500
100 1 _aCapurro, Rafael
245 1 0 _a¿Conduce la implatación mundial de la red a una ética global de la información?
300 _aVol.305, núm.305 (Febrero, 2005), Páginas 39-50
773 0 _tConcilium
942 _cANA
999 _c61047
_d61047